[Event "Cali op-D"]
[Site "Cali"]
[Date "2008.12.29"]
[Round "7"]
[White "Millan, Manuel"]
[Black "Sanchez, Victor Daniel"]
[Result "1-0"]
[WhiteElo "1300"]
[BlackElo "1500"]
[PlyCount "67"]
[EventDate "2008.12.26"]
[EventType "swiss"]
[EventRounds "9"]
[EventCountry "COL"]
[SourceTitle "EXT 2011"]
[Source "ChessBase"]
[SourceDate "2010.11.26"]
[SourceVersion "1"]
[SourceVersionDate "2010.11.26"]
[SourceQuality "1"]

1. e4 c5 2. d4 cxd4 3. Qxd4 Nc6 4. Qd1 e5 5. Nf3 Nf6 6. Nc3 a6 7. Bg5 Be7 8. Nd5 Nxd5 9. Bxe7 Ndxe7 10. Be2 0-0 11. 0-0 b5 12. c4 bxc4 13. Bxc4 Bb7 14. h3 Qb6 15. Qxd7 Rad8 16. Qg4 Qxb2 17. Rab1 Qc3 18. Rfc1 Qa5 19. Rxb7 Rb8 20. Rxb8 Rxb8 21. Rd1 Rb7 22. Bd5 Rb6 23. Bxc6 Rxc6 24. Qh4 Ng6 25. Rd8+ Nf8 26. Qe7 Qc5 27. Qe8 f6 28. Nd2 Re6 29. Qxe6+ Kh8 30. Nb3 Qb4 31. Qf7 Qe1+ 32. Kh2 Qb4 33. Rxf8+ Qxf8 34. Qxf8# 1-0